Médiá a spoločnosť

Úloha médií v slobodnej spoločnosti. Prehľad najčastejšie sledovaných televíznych staníc. Počúvanosť rozhlasových staníc. Čítanosť vybraných denníkov. Sledovanosť televízneho spravodajstva. Dôveryhodnosť vybraných elektronických médií. Situácia na slovenskom mediálnom trhu.

Salvato in:
Dettagli Bibliografici
Autore principale: Hrabko, Juraj
Natura: Capitolo di libro
Lingua:slovacco
Soggetti:
Tags: Aggiungi Tag
Nessun Tag, puoi essere il primo ad aggiungerne!!

MARC

LEADER 00000naa a2200000 4500
001 r047429
005 20230920080837.0
041 0 |a slo 
044 |a SK 
245 1 0 |a Médiá a spoločnosť  |c Juraj Hrabko 
520 |a Úloha médií v slobodnej spoločnosti. Prehľad najčastejšie sledovaných televíznych staníc. Počúvanosť rozhlasových staníc. Čítanosť vybraných denníkov. Sledovanosť televízneho spravodajstva. Dôveryhodnosť vybraných elektronických médií. Situácia na slovenskom mediálnom trhu. 
610 2 0 |a médiá 
610 2 0 |a noviny 
610 2 0 |a televízia 
610 2 0 |a televízia káblová 
610 2 0 |a rozhlas 
610 2 0 |a demokracia 
610 2 0 |a Slovensko 
100 1 |a Hrabko, Juraj